[Event "World Rapid 2022"]
[Site "Almaty KAZ"]
[Date "2022.12.28"]
[Round "10.71"]
[White "Dragnev, Valentin"]
[Black "Kazakov, Konstantin"]
[Result "1-0"]
[WhiteTitle "GM"]
[BlackTitle "IM"]
[WhiteElo "2556"]
[BlackElo "2385"]
[WhiteFideId "1634852"]
[BlackFideId "13700898"]
[EventDate "2022.12.26"]

1. e4 c5 2. Nf3 d6 3. d4 cxd4 4. Nxd4 Nf6 5. Nc3 g6 6. Be3 Nc6 7. f3 h5 8. Bc4
Bg7 9. Qd2 Bd7 10. Bb3 Na5 11. O-O Rc8 12. Rad1 O-O 13. h3 Nc4 14. Bxc4 Rxc4 15.
Nde2 b6 16. Bh6 Qc8 17. Bxg7 Kxg7 18. Rf2 Qc5 19. b3 Qc7 20. Nf4 Be6 21. Nb5 Qd7
22. Nd4 Rfc8 23. e5 dxe5 24. Ndxe6+ fxe6 25. Nxh5+ Kf7 26. Qxd7 Nxd7 27. Ng3 Rd4
28. Re1 Rd5 29. Ne4 Rc6 30. Rfe2 b5 31. Nf2 1-0

[Event "World Rapid 2022"]
[Site "Almaty KAZ"]
[Date "2022.12.28"]
[Round "10.72"]
[White "Ghasi, Ameet K"]
[Black "Suyarov, Mukhammadzokhid"]
[Result "0-1"]
[WhiteTitle "IM"]
[BlackTitle "FM"]
[WhiteElo "2471"]
[BlackElo "2299"]
[WhiteFideId "409200"]
[BlackFideId "14210495"]
[EventDate "2022.12.26"]

1. Nf3 Nf6 2. g3 g6 3. Bg2 Bg7 4. O-O O-O 5. d4 b6 6. c4 Bb7 7. Qc2 d6 8. Nc3
Nbd7 9. e4 e5 10. d5 h6 11. Bd2 Ne8 12. b4 a5 13. a3 Ba6 14. Nb5 Kh7 15. Rab1
Bc8 16. Be3 Ndf6 17. h3 Bd7 18. Nc3 Qe7 19. Ne1 Nh5 20. Qe2 f5 21. exf5 Bxf5 22.
Rc1 Bd7 23. Nf3 Nef6 24. Nd2 axb4 25. axb4 Rae8 26. Rce1 Qf7 27. Qd1 g5 28. Nde4
Nxe4 29. Nxe4 Kh8 30. Bd2 Ra8 31. Qb3 Nf6 32. Nxf6 Qxf6 33. Be3 e4 34. Rc1 Qb2
35. Qxb2 Bxb2 36. Rc2 Be5 37. Bxe4 Bxh3 38. Rb1 Ra4 39. Kh2 Bg4 40. Kg2 Kg7 41.
Rcc1 Rfa8 42. Bc2 Ra2 43. Bb3 R2a3 44. c5 bxc5 45. bxc5 Rb8 46. Bd1 Rxb1 47.
Rxb1 Bf5 48. Rb7 dxc5 49. Bxc5 Be4+ 50. f3 Ra2+ 51. Kg1 Bxd5 52. Rb1 Bxg3 53.
Bd4+ Kg6 54. Rc1 Bf4 55. Rc5 c6 56. Bc2+ Kh5 57. Rc3 Bd2 58. Rc5 Bb4 59. Rxd5
cxd5 60. Bf5 Bd6 61. Bf2 Ra1+ 62. Kg2 Rc1 63. Be6 Kg6 64. Bxd5 h5 65. Bd4 Rc2+
66. Kf1 Kh6 67. Be6 h4 68. Bf5 Ra2 69. Be6 Ra5 70. Bc3 Ra6 71. Bg4 Rc6 72. Bd4
Bc5 73. Be5 Be3 74. Kg2 Bf4 75. Bd4 Rc2+ 76. Kg1 Kg6 77. Be6 Rd2 78. Ba7 Re2 79.
Bc4 Be3+ 0-1

[Event "World Rapid 2022"]
[Site "Almaty KAZ"]
[Date "2022.12.28"]
[Round "10.73"]
[White "Zverev, Lev"]
[Black "Christiansen, Johan-Sebastian"]
[Result "0-1"]
[WhiteTitle "FM"]
[BlackTitle "GM"]
[WhiteElo "2310"]
[BlackElo "2578"]
[WhiteFideId "24250775"]
[BlackFideId "1512668"]
[EventDate "2022.12.26"]

1. e4 e6 2. d4 d5 3. Nc3 Nf6 4. e5 Nfd7 5. f4 c5 6. Nf3 Nc6 7. Be3 Be7 8. Qd2
O-O 9. dxc5 Bxc5 10. Bxc5 Nxc5 11. O-O-O Qa5 12. Nd4 Bd7 13. Kb1 Rfc8 14. Qe3
Ne7 15. g4 b5 16. Bd3 b4 17. Nce2 Nxd3 18. cxd3 Qb6 19. Rhg1 b3 20. a3 Rc2 21.
f5 Rxe2 22. Qxe2 Qxd4 23. fxe6 Bxe6 24. Rc1 Ng6 25. Rg3 Nxe5 26. Re3 Bxg4 27.
Qf2 f6 28. Rc7 Rc8 29. Rb7 Rc2 30. Rb8+ Kf7 31. Rb7+ Kg6 0-1

[Event "World Rapid 2022"]
[Site "Almaty KAZ"]
[Date "2022.12.28"]
[Round "10.74"]
[White "Petkov, Momchil"]
[Black "Khripachenko, Alexander"]
[Result "1-0"]
[WhiteTitle "GM"]
[BlackTitle "FM"]
[WhiteElo "2531"]
[BlackElo "2219"]
[WhiteFideId "2921642"]
[BlackFideId "54184975"]
[EventDate "2022.12.26"]

1. d4 d5 2. Nf3 Nf6 3. Bf4 Bf5 4. c4 dxc4 5. e3 e6 6. Bxc4 Nbd7 7. O-O Bd6 8.
Ne5 O-O 9. Nc3 Qe7 10. Qf3 Bxe5 11. dxe5 Ng4 12. Qg3 Qc5 13. e4 Ngxe5 14. Be2
Bg6 15. b4 Qxb4 16. Bxe5 Rac8 17. Rfd1 Nc5 18. Rab1 Qa5 19. Rb5 Qa3 20. Nd5 Qxa2
21. Ne7+ Kh8 22. Qe3 b6 23. Nxc8 Rxc8 24. Rb2 Qa4 25. Rbd2 Qe8 26. Bxc7 Nb7 27.
Ba6 Rxc7 28. Bxb7 1-0

[Event "World Rapid 2022"]
[Site "Almaty KAZ"]
[Date "2022.12.28"]
[Round "10.75"]
[White "Kostenko, Petr"]
[Black "Gurel, Ediz"]
[Result "0-1"]
[WhiteTitle "GM"]
[BlackTitle "IM"]
[WhiteElo "2374"]
[BlackElo "2454"]
[WhiteFideId "13700669"]
[BlackFideId "44507356"]
[EventDate "2022.12.26"]

1. c4 c5 2. Nf3 Nc6 3. e3 e5 4. Nc3 Nf6 5. Be2 Be7 6. O-O O-O 7. d4 cxd4 8. exd4
exd4 9. Nxd4 d5 10. Bf3 Nxd4 11. Qxd4 dxc4 12. Qxc4 Be6 13. Qb5 Qc7 14. Be3 Bc4
15. Qxb7 Qxb7 16. Bxb7 Rab8 17. Bf3 Bxf1 18. Kxf1 Rxb2 19. Bxa7 Rc8 20. Bd4 Rc2
21. Ne2 Bc5 22. Bxf6 gxf6 23. a4 Rd8 24. g3 Rdd2 25. Rb1 Ra2 26. Rb5 Ba7 27. Ra5
Bd4 28. Ra8+ Kg7 29. a5 Be5 30. a6 Ra1+ 31. Kg2 Rda2 32. Bh5 Rxa6 33. Rxa6 Rxa6
34. f4 Bb2 35. g4 Ra4 36. h3 Ba3 37. Kf3 Bd6 38. h4 h6 39. Ke3 Ra2 40. Kf3 Ra4
41. Ke3 f5 42. g5 hxg5 43. hxg5 f6 44. gxf6+ Kxf6 45. Kf3 Ke6 46. Be8 Ra3+ 47.
Kg2 Ra2 48. Kf3 Ra3+ 49. Kg2 Re3 50. Bb5 Kf6 51. Kf2 Bc5 52. Kg2 Rb3 53. Ba6 Be3
54. Kf3 Ra3 55. Bc4 Bxf4+ 56. Kg2 Ke5 57. Bb5 Ke4 58. Kf2 Rf3+ 59. Kg2 Ke3 60.
Ng1 Rf2+ 0-1

[Event "World Rapid 2022"]
[Site "Almaty KAZ"]
[Date "2022.12.28"]
[Round "10.76"]
[White "Begmuratov, Khumoyun"]
[Black "Agmanov, Zhandos"]
[Result "0-1"]
[WhiteTitle "FM"]
[BlackTitle "IM"]
[WhiteElo "2399"]
[BlackElo "2442"]
[WhiteFideId "14210207"]
[BlackFideId "13708309"]
[EventDate "2022.12.26"]

1. e4 c6 2. Nc3 d5 3. Nf3 dxe4 4. Nxe4 Nf6 5. Nxf6+ exf6 6. Bc4 Bd6 7. Qe2+ Qe7
8. Qxe7+ Kxe7 9. O-O Rd8 10. Re1+ Kf8 11. h3 Nd7 12. d4 Nb6 13. Bd3 h6 14. c4
Bb4 15. Re2 Be6 16. a3 Be7 17. b3 a5 18. Be3 Nd7 19. a4 Nc5 20. Bc2 Na6 21. Rae1
Bb4 22. Rd1 g5 23. g4 Rd7 24. Be4 Rad8 25. Rc1 Re7 26. Bb1 Kg7 27. Nh2 Bc8 28.
Ra2 h5 29. Kg2 Nc7 30. Rd1 hxg4 31. hxg4 Rh8 32. Rh1 Bd6 33. Bd3 Rh4 34. Raa1
Re8 35. Nf3 Rxg4+ 36. Kf1 Bf4 37. Re1 Bxe3 38. fxe3 Rh8 39. Rxh8 Kxh8 40. Kf2
Ne8 41. Rh1+ Kg7 42. Rh7+ Kg8 43. Rh6 Kg7 44. Rh7+ Kg8 45. Rh6 Kg7 46. Rh7+ Kf8
47. Rh8+ Ke7 48. Rg8 Be6 49. Rh8 f5 50. Rg8 f6 51. Rh8 f4 52. Rh7+ Kd8 53. Rxb7
fxe3+ 54. Kxe3 Rg2 55. Ra7 Rb2 56. Nd2 f5 57. Ke2 g4 58. Rh7 g3 59. Rh6 Ke7 60.
Kd1 Nf6 61. Rh1 Ng4 62. Rg1 Nf2+ 63. Ke2 f4 64. Bb1 Bg4+ 65. Ke1 Nh3 66. Rg2 Bf3
67. Nxf3 Rxg2 68. Be4 Rb2 69. Nd2 Kd6 70. Bg2 Ng5 71. c5+ Kc7 72. Kd1 Rxd2+ 73.
Kxd2 f3 0-1

[Event "World Rapid 2022"]
[Site "Almaty KAZ"]
[Date "2022.12.28"]
[Round "10.77"]
[White "Zhalmakhanov, Ramazan"]
[Black "Damjanovic, Vuk"]
[Result "1-0"]
[WhiteTitle "IM"]
[BlackTitle "FM"]
[WhiteElo "2401"]
[BlackElo "2361"]
[WhiteFideId "13706357"]
[BlackFideId "980021"]
[EventDate "2022.12.26"]

1. d4 Nf6 2. Nc3 d5 3. Bf4 c5 4. e3 cxd4 5. exd4 Bg4 6. Be2 Bxe2 7. Ncxe2 Nc6 8.
c3 g6 9. Nf3 Bg7 10. O-O O-O 11. h3 e6 12. Nc1 a5 13. Qb3 b6 14. a4 Nd7 15. Nd3
Qc8 16. h4 Qa6 17. Qd1 Nf6 18. g3 Rfe8 19. Re1 Rad8 20. Kg2 Qb7 21. Qb3 Qa6 22.
Qb5 Qxb5 23. axb5 Na7 24. Bc7 Nd7 25. Bxd8 Rxd8 26. b4 Nxb5 27. bxa5 bxa5 28.
Rxa5 Nxc3 29. Rc1 Ne4 30. Ra7 Nd6 31. Rcc7 Nf6 32. Ng5 Nb5 33. Nxe6 fxe6 34.
Rxg7+ Kh8 35. Rae7 Nxd4 36. Rgf7 Nf5 37. Ra7 Ne4 38. Nf4 Kg8 39. Rxh7 d4 40.
Nxg6 1-0

[Event "World Rapid 2022"]
[Site "Almaty KAZ"]
[Date "2022.12.28"]
[Round "10.78"]
[White "Haldorsen, Benjamin"]
[Black "Abdilkhair, Abilmansur"]
[Result "0-1"]
[WhiteTitle "IM"]
[BlackTitle "FM"]
[WhiteElo "2449"]
[BlackElo "2278"]
[WhiteFideId "1512633"]
[BlackFideId "13716417"]
[EventDate "2022.12.26"]

1. e4 c6 2. Nf3 d5 3. d3 g6 4. e5 Bg4 5. Nbd2 Bg7 6. h3 Bxf3 7. Nxf3 e6 8. d4 c5
9. c3 Nc6 10. Bd3 cxd4 11. cxd4 Nge7 12. O-O Qb6 13. b3 O-O 14. Bg5 Rfe8 15. Bc2
Nb4 16. Bb1 Rac8 17. h4 Qc7 18. a3 Qc3 19. Bxg6 fxg6 20. axb4 a6 21. h5 gxh5 22.
Bxe7 Rxe7 23. Rc1 Qxc1 24. Qxc1 Rxc1 25. Rxc1 Bf8 26. Rc8 Rg7 27. Kf1 Kf7 28.
Rb8 Bxb4 29. Rxb7+ Be7 30. Ra7 Rg8 31. Rxa6 Rb8 32. Ra7 h6 33. Nd2 Rb4 34. Ra4
Rb7 35. Ke2 Bb4 36. Nf3 Be7 37. Nd2 Bb4 38. Nf1 Be7 39. Ng3 h4 40. Nh5 Rxb3 41.
Nf4 Rb6 42. Ra7 Rb2+ 43. Ke3 Rc2 44. Rb7 Rc1 45. Nd3 Rc3 46. f4 Rc2 47. Rb2 Rc4
48. Ra2 Rc7 49. Ne1 Rc1 50. Nf3 Rc3+ 51. Ke2 Kg6 52. Ra7 Bd8 53. Rd7 Rc8 54. Kd3
Ra8 55. Ke3 Ra3+ 56. Kf2 Ra8 57. Kg1 h3 58. gxh3 Kf5 59. Rf7+ Ke4 60. Nh2 Ra1+
61. Nf1 Bb6 0-1

[Event "World Rapid 2022"]
[Site "Almaty KAZ"]
[Date "2022.12.28"]
[Round "10.79"]
[White "Amangeldy, Ernur"]
[Black "Saraci, Nderim"]
[Result "0-1"]
[BlackTitle "IM"]
[WhiteElo "2097"]
[BlackElo "2468"]
[WhiteFideId "13720244"]
[BlackFideId "6351921"]
[EventDate "2022.12.26"]

1. d4 Nf6 2. c4 c6 3. Nc3 d5 4. e3 e6 5. Nf3 a6 6. Qc2 Nbd7 7. b3 Bd6 8. Bd3 e5
9. cxd5 cxd5 10. dxe5 Nxe5 11. Nxe5 Bxe5 12. Bb2 Be6 13. Ne2 Rc8 14. Qd2 Bd6 15.
h3 Qe7 16. O-O Bb4 17. Bxf6 Bxd2 18. Bxe7 Kxe7 19. Rfd1 Bb4 20. a3 Bc3 21. Rab1
Rhd8 22. b4 h6 23. Rdc1 Be5 24. Nd4 Bd7 25. Kf1 Kd6 26. Ke2 Rxc1 27. Rxc1 Ra8
28. Nf5+ Bxf5 29. Bxf5 a5 30. Rc8 Rxc8 31. Bxc8 Kc7 32. Bg4 a4 33. Kd3 Bb2 34.
Bd1 b5 35. Kc2 Bxa3 36. Kc3 f5 37. h4 Bc1 38. Kc2 Ba3 39. Kc3 f4 40. h5 fxe3 41.
fxe3 Bc1 42. Bf3 Kc6 43. e4 d4+ 44. Kxd4 Bd2 45. e5+ Kb6 46. e6 Bxb4 47. Be2 Be7
48. Kc3 Kc5 49. Bd1 b4+ 50. Kb2 b3 51. Kc3 Bf6+ 52. Kd3 Kb4 53. Bf3 0-1

[Event "World Rapid 2022"]
[Site "Almaty KAZ"]
[Date "2022.12.28"]
[Round "10.80"]
[White "Elier, Ali"]
[Black "Mamatov, Melis"]
[Result "1/2-1/2"]
[BlackTitle "FM"]
[WhiteElo "2165"]
[BlackElo "2399"]
[WhiteFideId "16217543"]
[BlackFideId "13800027"]
[EventDate "2022.12.26"]

1. e4 c5 2. d4 cxd4 3. c3 d3 4. Bxd3 d6 5. f4 Nf6 6. Nf3 Nc6 7. O-O g6 8. Kh1
Bg7 9. Be3 O-O 10. Nbd2 b6 11. Qe1 d5 12. Rd1 dxe4 13. Nxe4 Qc7 14. Bc1 Rd8 15.
Bc2 Rxd1 16. Qxd1 Bg4 17. h3 Rd8 18. Qe2 Bc8 19. Neg5 Nh5 20. Qc4 e6 21. Re1 Qd6
22. Rd1 Qc5 23. Rxd8+ Nxd8 24. Qxc5 bxc5 25. Ne4 Nb7 26. Be3 Bf8 27. g4 f5 28.
gxh5 fxe4 29. Bxe4 Nd6 30. Bc6 Nf5 31. Bf2 gxh5 32. Ng5 Ne7 33. Bg2 Ng6 34. Be3
Nh4 35. Be4 h6 36. Nf3 Nf5 37. Bf2 Bd6 38. Ne5 Kg7 39. Bf3 Kf6 40. Kg1 h4 41.
Ng4+ Ke7 42. Ne5 Kf6 43. Ng4+ Ke7 44. Kf1 Ba6+ 45. Ke1 Bc4 46. b3 Bd3 47. Ne5
Bb1 48. a3 Kf6 49. Bxc5 Bxe5 50. fxe5+ Kxe5 51. Bxa7 Kf4 52. Kf2 e5 53. Bb8 Bc2
54. b4 Ng3 55. b5 Ne4+ 56. Bxe4 Kxe4 57. b6 Ba4 58. Bd6 Bc6 59. a4 Kd5 60. Be7
Bb7 61. a5 Kc4 62. Bb4 Kd3 63. Ke1 e4 64. Be7 Kxc3 65. Bxh4 Kb4 66. Kd2 Kxa5 67.
Bd8 Ka6 68. Ke3 Bc8 69. h4 h5 70. Kxe4 Kb7 71. Kf4 Bg4 1/2-1/2

[Event "World Rapid 2022"]
[Site "Almaty KAZ"]
[Date "2022.12.28"]
[Round "10.81"]
[White "Shishkov, Andrei"]
[Black "Postlmayer, Jakob"]
[Result "0-1"]
[WhiteTitle "IM"]
[BlackTitle "FM"]
[WhiteElo "2340"]
[BlackElo "2314"]
[WhiteFideId "4500563"]
[BlackFideId "1643622"]
[EventDate "2022.12.26"]

1. d4 Nf6 2. c4 e6 3. Nc3 Bb4 4. e3 O-O 5. Bd2 d5 6. Nf3 b6 7. cxd5 exd5 8. Rc1
a6 9. Bd3 Bb7 10. O-O Bd6 11. Ne5 c5 12. f4 Nc6 13. Be1 cxd4 14. Nxc6 Bxc6 15.
exd4 Qd7 16. f5 Rfe8 17. Bh4 Ne4 18. f6 g6 19. Rc2 Nxc3 20. Rxc3 Bb5 21. Bg3
Bxg3 22. hxg3 Bxd3 23. Rxd3 Re6 24. Qd2 Qd6 25. Qg5 Rae8 26. g4 Re1 27. Rf3
Rxf1+ 28. Rxf1 Re6 29. Qh4 Qb4 30. g5 h5 31. gxh6 Kh7 32. Qf2 Qd6 33. a3 a5 34.
Qf3 Re4 35. Qh3 Rxd4 36. Kh1 Re4 37. Qh2 Qxh2+ 38. Kxh2 Kxh6 39. Rd1 d4 40. Kg3
Kg5 41. Kf3 Re3+ 42. Kf2 Rb3 43. Rxd4 Rxb2+ 44. Kf1 Kxf6 45. a4 Rb4 46. Rd6+ Ke5
47. Rc6 g5 48. Ke2 f5 49. Kd3 Rxa4 50. Rxb6 Kf4 51. Ke2 Ra2+ 52. Kf1 a4 53. Rc6
g4 54. Rc4+ Ke5 55. g3 Ra3 56. Kg2 Kd5 57. Rf4 Ke6 58. Rb4 Ra2+ 59. Kf1 a3 60.
Ra4 Kd5 61. Kg1 Kc5 62. Ra5+ Kb4 63. Rxf5 Rb2 64. Rf8 a2 65. Rb8+ Kc3 66. Rc8+
Kd3 67. Rd8+ 0-1

[Event "World Rapid 2022"]
[Site "Almaty KAZ"]
[Date "2022.12.28"]
[Round "10.82"]
[White "Akhilbay, Imangali"]
[Black "Averin, Nikolay"]
[Result "1/2-1/2"]
[BlackTitle "FM"]
[WhiteElo "2140"]
[BlackElo "2342"]
[WhiteFideId "13734857"]
[BlackFideId "24250473"]
[EventDate "2022.12.26"]

1. e4 c5 2. Nf3 d6 3. Nc3 Nf6 4. e5 dxe5 5. Nxe5 Nbd7 6. d4 Nxe5 7. dxe5 Qxd1+
8. Kxd1 Ng4 9. Bb5+ Bd7 10. e6 Bxb5 11. Nxb5 O-O-O+ 12. Ke2 a6 13. Nc3 f5 14.
Na4 Rd6 15. Nxc5 b6 16. Nd3 Rxe6+ 17. Kf1 g6 18. f3 Nf6 19. Bd2 Bg7 20. Bc3 Bh6
21. Re1 Rxe1+ 22. Kxe1 Re8 23. Kf2 Nd5 24. Bd4 Kb7 25. Re1 e6 26. g3 g5 27. c3
Bf8 28. Ne5 h6 29. Rd1 Rd8 30. Re1 Re8 31. Rd1 Rd8 32. Re1 Re8 33. Rd1 Rd8 1/2-1/2

[Event "World Rapid 2022"]
[Site "Almaty KAZ"]
[Date "2022.12.28"]
[Round "10.83"]
[White "Mamedov, Edgar"]
[Black "Suleimen, Ergali"]
[Result "1-0"]
[WhiteTitle "FM"]
[WhiteElo "2283"]
[BlackElo "2073"]
[WhiteFideId "13739980"]
[BlackFideId "13724452"]
[EventDate "2022.12.26"]

1. d4 Nf6 2. Bg5 Ne4 3. Bf4 d5 4. e3 g6 5. Bd3 Bg7 6. Nf3 O-O 7. O-O c5 8. c3
Nc6 9. Nbd2 Bf5 10. Qc2 Nxd2 11. Qxd2 Be4 12. Qe2 Bxd3 13. Qxd3 Rc8 14. Qb5 cxd4
15. exd4 Qd7 16. Rfe1 e6 17. a4 Rfd8 18. a5 Ne5 19. Qxd7 Nxf3+ 20. gxf3 Rxd7 21.
Ra4 a6 22. Kf1 Rc4 23. Rxc4 dxc4 24. Ra1 Rd5 25. Ra4 e5 26. dxe5 Bxe5 27. Be3
Kg7 28. Bb6 Bxh2 29. Rxc4 Be5 30. f4 Bd6 31. b4 Kf6 32. Bc7 Ke6 33. Ke2 h5 34.
Bxd6 Rxd6 35. Rc7 Rd7 36. Rc5 Kd6 37. Rc8 Re7+ 38. Kd3 Ke6 39. c4 Kf5 40. b5
axb5 41. cxb5 Kxf4 42. b6 Re5 43. a6 bxa6 44. b7 Rb5 45. b8=Q+ Rxb8 46. Rxb8 Kf3
47. Rf8 f5 48. Rg8 Kxf2 49. Rxg6 h4 50. Rh6 Kg3 51. Rxa6 h3 52. Rg6+ Kf2 53. Rh6
Kg2 54. Ke2 h2 55. Rg6+ Kh3 56. Kf2 h1=N+ 57. Kf3 Kh2 58. Rg5 f4 59. Kxf4 Nf2
60. Kf3 Nh1 61. Rg8 1-0

[Event "World Rapid 2022"]
[Site "Almaty KAZ"]
[Date "2022.12.28"]
[Round "10.84"]
[White "Degenbaev, Aziz"]
[Black "Uruci, Endrit"]
[Result "0-1"]
[BlackTitle "FM"]
[WhiteElo "2139"]
[BlackElo "2297"]
[WhiteFideId "13802640"]
[BlackFideId "22100199"]
[EventDate "2022.12.26"]

1. e4 c6 2. d4 d5 3. e5 c5 4. dxc5 e6 5. a3 a5 6. Be3 Qc7 7. Nc3 Bd7 8. Nb5 Bxb5
9. Bxb5+ Nc6 10. f4 a4 11. c3 Qa5 12. Qe2 Qa7 13. Nf3 Bxc5 14. Bxc5 Qxc5 15.
Bxc6+ bxc6 16. Nd4 Ne7 17. O-O Qb6 18. Kh1 c5 19. Nb5 O-O 20. Nd6 Rab8 21. Rab1
Nc8 22. f5 Nxd6 23. exd6 Qxd6 24. f6 e5 25. Qg4 g6 26. Qh4 Rfe8 27. Rf3 e4 28.
Rh3 h5 29. Rg3 Re5 30. Qf4 Re6 31. Qg5 Rxf6 32. Rd1 Rxb2 33. h3 d4 34. cxd4 cxd4
35. Rc3 dxc3 36. Rxd6 Rxd6 37. Qe5 c2 38. Qe8+ Kg7 39. Qe5+ Kh7 40. Qf4 Rf6 0-1

[Event "World Rapid 2022"]
[Site "Almaty KAZ"]
[Date "2022.12.28"]
[Round "10.85"]
[White "Nissinen, Niilo Man"]
[Black "Korelskiy, Egor"]
[Result "0-1"]
[WhiteTitle "CM"]
[BlackTitle "FM"]
[WhiteElo "1996"]
[BlackElo "2153"]
[WhiteFideId "30950767"]
[BlackFideId "34329064"]
[EventDate "2022.12.26"]

1. e4 c5 2. Nf3 e6 3. c3 d5 4. e5 Nc6 5. d4 Qb6 6. a3 c4 7. Be2 Na5 8. Nbd2 Bd7
9. O-O Ne7 10. Re1 Nc8 11. Nf1 Nb3 12. Rb1 Qc7 13. Bg5 h6 14. Bh4 Nb6 15. N3d2
Ba4 16. Nxb3 Bxb3 17. Qd2 Be7 18. Bxe7 Qxe7 19. f4 O-O-O 20. Ne3 g6 21. Bd1 Bxd1
22. Qxd1 Kb8 23. a4 Qc7 24. a5 Nc8 25. b4 Ne7 26. Qa4 Qd7 27. b5 h5 28. Nc2 Ka8
29. Nb4 Rdg8 30. Qa3 Nf5 31. b6 a6 32. Nxa6 bxa6 33. b7+ Kb8 34. Qc5 Qc7 35. Qa3
Ka7 36. Rb6 Rb8 37. Reb1 Ne7 38. Qc5 Qxc5 39. dxc5 d4 40. cxd4 Nd5 41. Rd6 Rxb7
42. Rxb7+ Kxb7 43. Rb6+ Nxb6 0-1

[Event "World Rapid 2022"]
[Site "Almaty KAZ"]
[Date "2022.12.28"]
[Round "10.86"]
[White "Everett, Elijah"]
[Black "Tulendinov, Dinmukhammed"]
[Result "1/2-1/2"]
[BlackTitle "CM"]
[WhiteElo "2202"]
[BlackElo "1948"]
[WhiteFideId "12973696"]
[BlackFideId "13730860"]
[EventDate "2022.12.26"]

1. e4 c5 2. Nf3 e6 3. d4 cxd4 4. Nxd4 a6 5. Bd3 Qc7 6. O-O Nf6 7. Qe2 d6 8. c4
Nbd7 9. f4 Be7 10. Nc3 b6 11. b4 Bb7 12. Bb2 O-O 13. Rae1 Rfd8 14. e5 dxe5 15.
fxe5 Nxe5 16. Nd5 exd5 17. Nf5 dxc4 18. Bxe5 cxd3 19. Bxc7 dxe2 20. Nxe7+ Kh8
21. Rxe2 Rd7 22. Bxb6 Nd5 23. Nxd5 Bxd5 24. Rd1 Be6 25. Rxd7 Bxd7 26. Re7 Be6
27. a4 Kg8 28. Bc5 g6 29. b5 axb5 30. axb5 Bd5 31. b6 Ra1+ 32. Kf2 Ra2+ 33. Ke3
Bxg2 34. b7 Bxb7 35. Rxb7 Rxh2 36. Bd4 f5 37. Kf4 Re2 38. Kg5 Re6 39. Rg7+ Kf8
40. Rxh7 Ke8 41. Bf6 f4 42. Kxg6 f3 43. Rh1 Kd7 44. Rf1 Re3 45. Kf5 Kc6 46. Bd4
Rd3 47. Ke4 Rb3 48. Be3 Rb4+ 49. Kxf3 Kd5 50. Rh1 Ke6 51. Rh5 Kf6 52. Ke2 Rb3
53. Rd5 Ke6 54. Rd8 Ke5 55. Kd2 Ke4 56. Re8+ Kd5 57. Kc2 Ra3 58. Bd2 Rh3 59. Be3
Kc4 60. Re4+ Kd5 61. Kd3 Rh1 62. Ra4 Rd1+ 63. Bd2 Rh1 64. Ra5+ Ke6 65. Ke4 Rd1
66. Ra6+ Kd7 67. Bf4 Rb1 68. Be5 Rb4+ 69. Kf5 Rc4 70. Rd6+ Ke7 71. Rd5 Rc1 72.
Bf6+ Ke8 73. Rd8+ Kf7 74. Rd7+ Ke8 75. Re7+ Kf8 76. Rb7 Ke8 77. Be5 Rc6 78. Ke4
Re6 79. Rb8+ Kf7 80. Kf5 Re8 81. Rb6 Re7 82. Bf6 Ra7 83. Re6 Ra5+ 84. Be5 Rb5
85. Rh6 Ke7 86. Rh7+ Kf8 87. Ke6 Rb6+ 88. Bd6+ Kg8 89. Rd7 Rb1 90. Be7 Re1+ 91.
Kf5 Rf1+ 92. Kg6 Rg1+ 93. Bg5 Rf1 94. Re7 Rf2 95. Re1 Rf3 96. Bf6 Rg3+ 97. Kf5
Rb3 98. Re8+ Kf7 99. Re7+ Kf8 100. Rd7 Ke8 101. Rc7 Rb5+ 102. Kg6 Rb1 103. Re7+
Kf8 104. Rd7 Re1 105. Bg5 Re6+ 106. Kf5 Re1 107. Bf6 Ke8 108. Rh7 Re2 109. Ra7 1/2-1/2

[Event "World Rapid 2022"]
[Site "Almaty KAZ"]
[Date "2022.12.28"]
[Round "11.3"]
[White "Vidit, Santosh Gujrathi"]
[Black "Abdusattorov, Nodirbek"]
[Result "1-0"]
[WhiteTitle "GM"]
[BlackTitle "GM"]
[WhiteElo "2730"]
[BlackElo "2713"]
[WhiteFideId "5029465"]
[BlackFideId "14204118"]
[EventDate "2022.12.26"]

1. e4 e5 2. Nf3 Nc6 3. d4 exd4 4. Nxd4 Nf6 5. Nxc6 bxc6 6. Nd2 d5 7. exd5 cxd5
8. Bb5+ Bd7 9. Bxd7+ Qxd7 10. O-O Be7 11. b3 O-O 12. Bb2 a5 13. a4 Ra6 14. Qf3
Ng4 15. Rad1 Bf6 16. Nc4 Rd8 17. Rfe1 h6 18. h3 Bxb2 19. Nxb2 Nf6 20. Nd3 Re6
21. Rxe6 Qxe6 22. Re1 Qc6 23. Re2 Qc3 24. Qf4 Ne4 25. f3 Ng5 26. Qe5 Qxe5 27.
Nxe5 Rd6 28. Kf2 Ne6 29. Rd2 Kf8 30. Ng4 c6 31. Ne5 Ke7 32. h4 h5 33. Nd3 Rd8
34. Ne5 Rc8 35. Ke3 f6 36. Nd3 Kd6 37. Nb2 Kc5 38. Nd3+ Kd6 39. Nb2 Ra8 40. g3
Ra7 41. Kf2 c5 42. Nc4+ Kc6 43. Ne3 Rd7 44. Rd1 Nd4 45. Rd2 g6 46. Rd1 Ne6 47.
Re1 Nd4 48. g4 Rh7 49. Rh1 Kd6 50. Rh2 Nc6 51. gxh5 Rxh5 52. f4 d4 53. Nc4+ Kd5
54. Kg3 g5 55. hxg5 Rxh2 56. Kxh2 fxg5 57. fxg5 Nb4 58. Nxa5 Nxc2 59. Nc4 Ke6
60. a5 Nb4 61. Kg3 Kf5 62. Kh4 Kg6 63. Kg4 Nc6 64. a6 d3 65. Kf4 Kg7 66. Ke3 Kf8
67. Ne5 Na7 68. Nxd3 1-0

[Event "World Rapid 2022"]
[Site "Almaty KAZ"]
[Date "2022.12.28"]
[Round "11.5"]
[White "Yu, Yangyi"]
[Black "Fedoseev, Vladimir3"]
[Result "0-1"]
[WhiteTitle "GM"]
[BlackTitle "GM"]
[WhiteElo "2728"]
[BlackElo "2688"]
[WhiteFideId "8603820"]
[BlackFideId "24130737"]
[EventDate "2022.12.26"]

1. e4 e6 2. d4 d5 3. Nc3 Nf6 4. Bg5 Bb4 5. e5 h6 6. Bd2 Bxc3 7. bxc3 Ne4 8. Qg4
Kf8 9. Nf3 c5 10. dxc5 Nd7 11. Bd3 Ndxc5 12. O-O b6 13. Be3 Qc7 14. a4 Bd7 15.
c4 Nxa4 16. Nd4 h5 17. Qf4 g5 18. Qf3 Qxe5 19. cxd5 exd5 20. Bxe4 dxe4 21. Qe2
Re8 22. Qd2 Kg8 23. Bxg5 h4 24. Bf4 Qg7 25. Kh1 Rh5 26. h3 Rd5 27. Be3 Rc8 28.
Qb4 a5 29. Qe7 f5 30. Qxh4 Nc3 31. f3 Rxd4 32. Bxd4 Qxd4 33. fxe4 Nxe4 34. Rad1
Qg7 35. Rf3 b5 36. Rfd3 Be8 37. Rd8 Rxd8 38. Rxd8 Qe5 39. Kg1 a4 40. Ra8 a3 41.
Qd8 Nf6 42. Ra6 Kf7 43. Qb6 Qe1+ 44. Kh2 Qe5+ 45. Kg1 Qe7 46. Ra7 Bd7 47. Ra6 b4
48. Ra7 Kg6 49. Ra6 Qe1+ 50. Kh2 Qe5+ 51. Kh1 Bb5 52. Ra8 Qe1+ 53. Kh2 Bc4 54.
Qd4 Qe4 55. Qxe4 fxe4 56. Kg3 e3 57. Kf3 0-1

[Event "World Rapid 2022"]
[Site "Almaty KAZ"]
[Date "2022.12.28"]
[Round "11.6"]
[White "Gareyev, Timur"]
[Black "Rapport, Richard"]
[Result "0-1"]
[WhiteTitle "GM"]
[BlackTitle "GM"]
[WhiteElo "2602"]
[BlackElo "2740"]
[WhiteFideId "14200937"]
[BlackFideId "738590"]
[EventDate "2022.12.26"]

1. d4 e6 2. c4 c5 3. d5 exd5 4. cxd5 d6 5. e4 g6 6. Nf3 Bg7 7. Bb5+ Bd7 8. Bd3
Nf6 9. O-O O-O 10. h3 Re8 11. Re1 c4 12. Bc2 Na6 13. Nc3 b5 14. a3 Nc5 15. Bf4
Qb6 16. e5 dxe5 17. Bxe5 Bf5 18. Bxf5 gxf5 19. Bd4 Rxe1+ 20. Nxe1 Nfe4 21. Bxg7
Kxg7 22. Qf3 Qf6 23. Rd1 Nd6 24. Qe3 Rc8 25. Qf4 Re8 26. Kf1 a5 27. Ne2 Re4 28.
Qd2 Nb3 29. Qc2 f4 30. Nf3 b4 31. axb4 axb4 32. Nc1 Nd4 33. Nxd4 Rxd4 34. Rxd4
Qxd4 35. Ne2 Qe5 36. Qd2 c3 37. bxc3 b3 38. Qd1 b2 39. Qb1 Nc4 40. Ke1 f3 41.
gxf3 Qh2 0-1